Statistics for 5 Most Populous Subdivisions by Continent

Click here to take the quiz!

General Stats

  • This quiz has been taken 119 times
  • The average score is 21 of 30

Answer Stats

ContinentPopulationSubdivision% Correct
North America39.5 milCalifornia
94%
North America29.0 milTexas
92%
North America19.5 milNew York
90%
North America21.5 milFlorida
86%
North America17.0 milMéxico
86%
South America17.4 milRio de Janeiro
85%
South America46.3 milSao Paulo
85%
Oceania8.2 milNew South Wales
84%
Africa18.3 milSouthern Nations,
Nationalities, and
Peoples' Region
83%
Oceania5.2 milQueensland
82%
Oceania2.7 milWestern Australia
82%
Europe56.3 milEngland
81%
Europe12.7 milMoscow
80%
Europe13.1 milBavaria
78%
Asia237.9 milUttar Pradesh
78%
Oceania6.7 milVictoria
78%
South America17.4 milBuenos Aires
76%
Asia115.2 milGuangdong
76%
Oceania1.8 milSouth Australia
72%
Europe12.2 milÎle-de-France
71%
Europe17.9 milNorth Rhine-Westphalia
65%
Asia110.0 milPunjab
52%
Africa14.6 milKinshasa
44%
Asia123.1 milMaharashtra
44%
Africa33.7 milOromia
44%
South America14.9 milBahia
39%
Africa15.5 milGauteng
37%
Africa20.4 milAmhara
36%
Asia124.8 milBihar
36%
South America21.3 milMinas Gerais
36%

Score Distribution

Percentile by Number Answered

Percent of People with Each Score

Your Score History

You have not taken this quiz